| 000 | 00502nmm a2200169Ia 4500 | ||
|---|---|---|---|
| 008 | 251105s9999||||xx |||||||||||||||||und|| | ||
| 020 | _a9788426713490 | ||
| 041 | _aspa | ||
| 100 | _aLladonosa Giró, Vicent | ||
| 245 | 0 | _aInstalaciones eléctricas de interior : prácticas de taller | |
| 264 |
_a[Madrid, España] : _bMarcombo, _c2004 |
||
| 300 | _a180 páginas | ||
| 490 | _aCiclos formativos | ||
| 650 | _aEngineering | ||
| 856 | _uhttps://public.digitaliapublishing.com/a/17210 | ||
| 942 | _cCF | ||
| 999 |
_c80417 _d80417 |
||